| 000 | 00965cam a2200325 a 4500 | ||
|---|---|---|---|
| 001 | 1463095 | ||
| 003 | OSt | ||
| 005 | 20140310182310.0 | ||
| 008 | 860723s1987 maua j 000 1 eng | ||
| 010 | _a 86045534 | ||
| 020 |
_a0140621539 _c$15.95 |
||
| 040 |
_aDLC _cDLC _dDLC |
||
| 042 | _alcac | ||
| 050 | 0 | 0 |
_aPL 898 _b.B964 1911 |
| 082 | 0 | 0 |
_aCLA _bB93s 1995 |
| 100 | 1 |
_aBurnett, Frances Hodgson, _d1849-1924. _93591 |
|
| 245 | 1 | 4 |
_aThe secret garden / _cFrances Hodgson Burnett. |
| 260 |
_aLondon : _bPenguin Books, Ltd, _cc1911. |
||
| 300 |
_a276 p. : _c18 cm. |
||
| 650 | 1 |
_aOrphans _xFiction. _93592 |
|
| 650 | 1 |
_aGardens _xFiction. _93593 |
|
| 650 | 1 |
_aPeople with disabilities _vFiction. _93594 |
|
| 651 | 1 |
_aYorkshire (England) _xFiction. _93595 |
|
| 700 | 1 |
_aRust, Graham, _eill. _93596 |
|
| 906 |
_a7 _bcbc _corignew _d1 _eocip _f19 _gy-gencatlg |
||
| 942 |
_2lcc _cBBK |
||
| 999 |
_c11665 _d11665 |
||